[Event "PRO League Atlantic 2017"]
[Site "chess.com INT"]
[Date "2017.01.25"]
[Round "3"]
[White "Moradiabadi, Elshan"]
[Black "Lenderman, Aleksandr"]
[Result "1/2-1/2"]
[WhiteTitle "GM"]
[BlackTitle "GM"]
[WhiteElo "2574"]
[BlackElo "2573"]
[WhiteTeam "Atlanta Kings"]
[BlackTeam "Montclair Sopranos"]
[WhiteFideId "12501255"]
[BlackFideId "2021285"]
[EventDate "2017.01.11"]

1. Nf3 d5 2. c4 e6 3. g3 Nf6 4. Bg2 dxc4 5. Qa4+ Bd7 6. Qxc4 c5 7. O-O Bc6 8. d3
Nbd7 9. Qc2 Be7 10. b3 O-O 11. Bb2 Nd5 12. Nc3 Nxc3 13. Bxc3 Bf6 14. Rfc1 Rc8
15. Qb2 b6 16. b4 cxb4 17. Qxb4 Nc5 18. Bxf6 Qxf6 19. d4 Nd7 20. Qd6 Nb8 21. Qa3
Bxf3 22. Bxf3 Qxd4 23. Qxa7 Rxc1+ 24. Rxc1 Nd7 25. Qc7 1/2-1/2

[Event "PRO League Atlantic 2017"]
[Site "chess.com INT"]
[Date "2017.01.25"]
[Round "3"]
[White "Moradiabadi, Elshan"]
[Black "Molner, Mackenzie"]
[Result "0-1"]
[WhiteTitle "GM"]
[BlackTitle "GM"]
[WhiteElo "2574"]
[BlackElo "2450"]
[WhiteTeam "Atlanta Kings"]
[BlackTeam "Montclair Sopranos"]
[WhiteFideId "12501255"]
[BlackFideId "2021722"]
[EventDate "2017.01.11"]

1. d4 Nf6 2. c4 g6 3. Nc3 d5 4. cxd5 Nxd5 5. e4 Nxc3 6. bxc3 Bg7 7. Nf3 c5 8.
Be3 Qa5 9. Qd2 Nc6 10. Rb1 a6 11. Rc1 cxd4 12. cxd4 Qxd2+ 13. Kxd2 e6 14. d5
exd5 15. exd5 Ne5 16. Nxe5 Bxe5 17. g3 O-O 18. Bg2 Bf5 19. f4 Bd6 20. Bc5 Rfd8
21. Bxd6 Rxd6 22. Kc3 Rc8+ 23. Kd4 Rcd8 24. Kc3 Rc8+ 25. Kd4 Rcd8 26. Kc3 Rc8+
27. Kb4 Rb6+ 28. Ka3 Bc2 0-1

[Event "PRO League Atlantic 2017"]
[Site "chess.com INT"]
[Date "2017.01.25"]
[Round "3"]
[White "Perez Ponsa, Federico"]
[Black "Hua, Lefong"]
[Result "1-0"]
[WhiteTitle "GM"]
[BlackTitle "FM"]
[WhiteElo "2583"]
[BlackElo "2333"]
[WhiteTeam "Buenos Aires Krakens"]
[BlackTeam "Montreal ChessBrahs"]
[WhiteFideId "117927"]
[BlackFideId "2602253"]
[EventDate "2017.01.11"]

1. e4 c5 2. Nf3 d6 3. d4 cxd4 4. Qxd4 a6 5. c4 Nc6 6. Qe3 g6 7. h3 Bg7 8. Nc3
Nf6 9. Be2 O-O 10. O-O Nd7 11. b3 Nc5 12. Bb2 f5 13. exf5 Bxf5 14. Rad1 Kh8 15.
Qc1 e5 16. Nd5 Ne6 17. Rfe1 Rc8 18. Qe3 h5 19. b4 Kh7 20. c5 Ncd4 21. Nxd4 Nxd4
22. Bxd4 exd4 23. Rxd4 dxc5 24. Rdd1 Re8 25. Qf3 Be4 26. Qf7 Bxd5 27. Rxd5 Qh4
28. Rd7 Rg8 29. Bd3 Rc6 30. Re8 1-0

[Event "PRO League Atlantic 2017"]
[Site "chess.com INT"]
[Date "2017.01.25"]
[Round "3"]
[White "Carter, Emmanuel"]
[Black "Stripunsky, Alexander"]
[Result "1-0"]
[BlackTitle "GM"]
[WhiteElo "2052"]
[BlackElo "2536"]
[WhiteTeam "Carolina Cobras"]
[BlackTeam "New Jersey Knockouts"]
[WhiteFideId "30908167"]
[BlackFideId "2015315"]
[EventDate "2017.01.11"]

1. d4 d5 2. c4 c6 3. Nf3 Nf6 4. e3 Bf5 5. Nc3 e6 6. cxd5 exd5 7. Bd3 Bxd3 8.
Qxd3 Bb4 9. a3 Bxc3+ 10. bxc3 O-O 11. O-O Nbd7 12. Nd2 Re8 13. a4 c5 14. Ba3 c4
15. Qf5 Qa5 16. Nxc4 Qa6 17. Nd6 Re6 18. Qf4 Rd8 19. Nf5 Nf8 20. Ne7+ Kh8 21.
Rfb1 Re8 22. Qc7 b6 23. Nf5 Kg8 24. a5 b5 25. Nd6 Rxd6 26. Qxd6 Qxd6 27. Bxd6 a6
28. Ra2 Ne6 29. f3 g6 30. Re2 Rc8 31. Bb4 Kg7 32. Kf2 Nd7 33. e4 Nf6 34. Ke3 Re8
35. e5 Nd7 36. g4 g5 37. h4 h6 38. hxg5 hxg5 39. Rh1 Rc8 40. Reh2 Ndf8 41. Rh8
Rc6 42. Be7 Rxc3+ 43. Kf2 Rc2+ 44. Kg3 f5 45. gxf5 Nf4 46. Bxg5 1-0

[Event "PRO League Atlantic 2017"]
[Site "chess.com INT"]
[Date "2017.01.25"]
[Round "3"]
[White "Carter, Emmanuel"]
[Black "Katz, Alexander R"]
[Result "1-0"]
[BlackTitle "IM"]
[WhiteElo "2052"]
[BlackElo "2335"]
[WhiteTeam "Carolina Cobras"]
[BlackTeam "New Jersey Knockouts"]
[WhiteFideId "30908167"]
[BlackFideId "2039796"]
[EventDate "2017.01.11"]

1. d4 Nf6 2. Nf3 e6 3. g3 b5 4. Bg2 Bb7 5. O-O c5 6. c3 Nc6 7. Na3 a6 8. Nc2 Be7
9. dxc5 Bxc5 10. a4 O-O 11. axb5 axb5 12. Rxa8 Qxa8 13. Bg5 Nd5 14. e4 Nb6 15.
Qe2 b4 16. Ra1 Qc8 17. Qb5 Nb8 18. Nxb4 Bxe4 19. Nd3 Bxd3 20. Qxd3 d5 21. Bh4 h6
22. g4 N8d7 23. Bg3 Re8 24. Qb5 e5 25. Nh4 Nf6 26. b4 Bf8 27. Qxb6 Qxc3 28. Rd1
Bxb4 29. Nf5 Bc5 30. Qb5 Qc2 31. Rxd5 Rc8 32. Rxe5 Nxg4 33. Re8+ Rxe8 34. Qxe8+
Kh7 35. Be4 Bxf2+ 36. Kg2 Qe2 37. Ne3+ g6 38. Qxf7+ Kh8 39. Qe8+ Kg7 40. Qxg6+
Kf8 41. Bd6# 1-0

[Event "PRO League Atlantic 2017"]
[Site "chess.com INT"]
[Date "2017.01.25"]
[Round "3"]
[White "Benjamin, Joel"]
[Black "Carter, Emmanuel"]
[Result "0-1"]
[WhiteTitle "GM"]
[WhiteElo "2544"]
[BlackElo "2052"]
[WhiteTeam "New Jersey Knockouts"]
[BlackTeam "Carolina Cobras"]
[WhiteFideId "2000091"]
[BlackFideId "30908167"]
[EventDate "2017.01.11"]

1. c4 Nf6 2. Nc3 e6 3. e4 d6 4. d4 Be7 5. f4 O-O 6. Nf3 c5 7. d5 exd5 8. cxd5
Re8 9. Bd3 c4 10. Bc2 b5 11. e5 dxe5 12. fxe5 Bc5 13. Bg5 Nbd7 14. Ne4 Nxe5 15.
Bxf6 gxf6 16. Nxc5 Nxf3+ 17. Kf1 Re1+ 18. Qxe1 Nxe1 19. Rxe1 Rb8 20. Re3 Qxd5
21. Ne4 Rb6 22. Kf2 Qf5+ 23. Rf3 Qe5 24. Rd1 Bg4 25. Rg3 f5 26. Nc3 b4 27. Rd5
Qf4+ 28. Kg1 bxc3 29. Rxf5 Qc1+ 0-1

[Event "PRO League Atlantic 2017"]
[Site "chess.com INT"]
[Date "2017.01.25"]
[Round "3"]
[White "Benjamin, Joel"]
[Black "Mu, Joshua"]
[Result "1/2-1/2"]
[WhiteTitle "GM"]
[WhiteElo "2544"]
[BlackElo "2203"]
[WhiteTeam "New Jersey Knockouts"]
[BlackTeam "Carolina Cobras"]
[WhiteFideId "2000091"]
[BlackFideId "2024420"]
[EventDate "2017.01.11"]

1. e4 Nf6 2. Nc3 Nc6 3. d4 d5 4. e5 Ne4 5. Nxe4 dxe4 6. c3 Bf5 7. Ne2 e6 8. Ng3
Be7 9. Nxf5 exf5 10. g4 Qd5 11. Qb3 Qxb3 12. axb3 fxg4 13. h3 gxh3 14. Bxh3 h5
15. Bf5 h4 16. Be3 f6 17. Bg6+ Kd7 18. Bf5+ Ke8 19. exf6 Bxf6 20. Bxe4 Kf7 21.
b4 a6 22. Kd2 Rad8 23. Bxc6 bxc6 24. Rxa6 Rd6 25. Bf4 Re6 26. Ra7 g5 27. Rxc7+
Kg6 28. Be3 h3 29. Kd3 g4 30. c4 Bg5 31. Bxg5 Kxg5 32. Rg7+ Kf4 33. Rg1 h2 34.
Rf7+ Kg5 35. Rh1 Rh3+ 36. Kd2 Re4 37. Rd7 Kf4 38. Rf7+ Kg5 39. Rd7 Kf4 1/2-1/2

[Event "PRO League Atlantic 2017"]
[Site "chess.com INT"]
[Date "2017.01.25"]
[Round "3"]
[White "Paragua, Mark"]
[Black "Erenburg, Sergey"]
[Result "0-1"]
[WhiteTitle "GM"]
[BlackTitle "GM"]
[WhiteElo "2492"]
[BlackElo "2570"]
[WhiteTeam "New York Knights"]
[BlackTeam "Philadelphia Inventors"]
[WhiteFideId "5201241"]
[BlackFideId "2805642"]
[EventDate "2017.01.11"]

1. d4 d5 2. Bg5 h6 3. Bh4 c6 4. e3 Qb6 5. Qc1 Bf5 6. Nf3 e6 7. c4 Be7 8. Bg3 Nf6
9. Nc3 Qd8 10. Be2 Nbd7 11. h3 Ne4 12. Nxe4 Bxe4 13. O-O O-O 14. c5 Bxf3 15.
Bxf3 Bf6 16. b4 e5 17. Qd2 a6 18. a4 Re8 19. Rab1 exd4 20. exd4 Nf8 21. Rfe1 Ne6
22. Be5 Ng5 23. Rb3 Bxe5 24. dxe5 Qc7 25. Qb2 f6 26. Rbe3 Nxf3+ 27. gxf3 fxe5
28. Rxe5 Rxe5 29. Rxe5 Rf8 30. Qe2 Qf7 31. Re7 Qg6+ 32. Kh2 Rf7 33. Rxf7 Qxf7
34. Kg2 Qg6+ 35. Kh2 Qf5 36. Kg2 Kf8 37. b5 axb5 38. axb5 d4 39. bxc6 bxc6 40.
Qa6 Qd7 41. Qa8+ Kf7 42. Qa2+ Kf6 43. Qb2 Qd5 44. Qb8 d3 45. Qf4+ Kg6 46. Kf1 d2
47. Qg4+ Kh7 0-1

[Event "PRO League Atlantic 2017"]
[Site "chess.com INT"]
[Date "2017.01.25"]
[Round "3"]
[White "Paragua, Mark"]
[Black "Norowitz, Yaacov"]
[Result "1/2-1/2"]
[WhiteTitle "GM"]
[BlackTitle "IM"]
[WhiteElo "2492"]
[BlackElo "2429"]
[WhiteTeam "New York Knights"]
[BlackTeam "Philadelphia Inventors"]
[WhiteFideId "5201241"]
[BlackFideId "2024799"]
[EventDate "2017.01.11"]

1. d4 d5 2. Bg5 c6 3. e3 Qb6 4. Qc1 Bf5 5. Nf3 Nd7 6. c4 Ngf6 7. Nc3 e6 8. Be2
dxc4 9. Nd2 Qc7 10. Nxc4 Nb6 11. Bxf6 gxf6 12. e4 Bg6 13. O-O O-O-O 14. Rd1 h5
15. Nxb6+ axb6 16. Qe3 Bd6 17. g3 Kb8 18. Rac1 h4 19. Nb5 Qe7 20. Nxd6 Qxd6 21.
a3 hxg3 22. hxg3 f5 23. e5 Qd7 24. Bf3 Bh5 25. d5 exd5 26. b4 b5 27. Rd4 Rdg8
28. Bg2 Qe6 29. a4 bxa4 30. b5 cxb5 31. Rxd5 Qh6 32. Rxb5 Qxe3 33. fxe3 Rxg3 34.
Kf2 Rxg2+ 35. Kxg2 Be2 36. Rb2 Bd3 37. Ra1 Rg8+ 38. Kf2 Be4 39. Kf1 Bd3+ 40. Kf2
Be4 41. Kf1 Bc6 42. Rc1 Kc7 43. Rb4 Ra8 44. Ke2 Kd7 45. Rf4 Ke6 46. Rb4 Kxe5 47.
Ra1 Rh8 48. Kd2 Rh2+ 49. Kc3 Rh3 50. Kd2 Ke6 51. Ra3 Rh2+ 52. Kc3 Kd5 53. Rd4+
Kc5 54. Rf4 b5 55. Rxf5+ Bd5 56. Rxa4 bxa4 57. e4 Rh3+ 58. Kc2 Kc4 59. exd5 Rh2+
60. Kb1 Rd2 61. Rxf7 Rxd5 62. Kb2 Kb4 1/2-1/2

[Event "PRO League Atlantic 2017"]
[Site "chess.com INT"]
[Date "2017.01.25"]
[Round "3"]
[White "Moon, Benjamin"]
[Black "Lenderman, Aleksandr"]
[Result "0-1"]
[BlackTitle "GM"]
[WhiteElo "2265"]
[BlackElo "2573"]
[WhiteTeam "Atlanta Kings"]
[BlackTeam "Montclair Sopranos"]
[WhiteFideId "2064847"]
[BlackFideId "2021285"]
[EventDate "2017.01.11"]

1. d4 Nf6 2. Bf4 d5 3. e3 c5 4. c3 Nc6 5. Nd2 cxd4 6. exd4 Bg4 7. Qb3 Qc8 8.
Ngf3 e6 9. Bd3 Be7 10. O-O Bh5 11. Ne5 Nxe5 12. Bxe5 O-O 13. h3 Bg6 14. Bxg6
hxg6 15. a4 Qc6 16. Bf4 Rfc8 17. Nf3 Ne4 18. Ne5 Qa6 19. Rfe1 Bh4 20. g3 Bf6 21.
h4 Be7 22. f3 Nf6 23. Qc2 Qb6 24. Qe2 Nh5 25. Kg2 Nxf4+ 26. gxf4 Bf6 27. Rh1 Qc7
28. h5 g5 29. Kf2 gxf4 30. Ng4 Qe7 31. Rag1 Bh4+ 32. Kf1 Bg3 33. h6 Qg5 34. Rh3
g6 35. Ne5 Qf5 36. Qb5 Qxh3+ 0-1

[Event "PRO League Atlantic 2017"]
[Site "chess.com INT"]
[Date "2017.01.25"]
[Round "3"]
[White "Moon, Benjamin"]
[Black "Molner, Mackenzie"]
[Result "0-1"]
[BlackTitle "GM"]
[WhiteElo "2265"]
[BlackElo "2450"]
[WhiteTeam "Atlanta Kings"]
[BlackTeam "Montclair Sopranos"]
[WhiteFideId "2064847"]
[BlackFideId "2021722"]
[EventDate "2017.01.11"]

1. d4 Nf6 2. Nf3 g6 3. c4 Bg7 4. Nc3 d5 5. e3 O-O 6. Be2 dxc4 7. Bxc4 c5 8. O-O
cxd4 9. exd4 Bg4 10. h3 Bxf3 11. Qxf3 Nc6 12. d5 Ne5 13. Qe2 Nxc4 14. Qxc4 Ne8
15. Bf4 Nd6 16. Qb3 Qd7 17. Rad1 Rac8 18. Rfe1 Nc4 19. Re2 Nxb2 20. Qxb2 Rxc3
21. Be5 Bxe5 22. Rxe5 Rc5 23. Qe2 e6 24. dxe6 Rxe5 25. exd7 Rxe2 26. d8=Q Rxd8
27. Rxd8+ Kg7 28. Rd7 Rb2 29. a4 a5 30. g3 h5 31. h4 Kf6 32. Kg2 Ke6 33. Rc7 b6
34. Rb7 f6 35. Kf3 Rb4 36. Ke3 Kf5 37. Kf3 g5 38. hxg5 Kxg5 39. Rb8 h4 40. gxh4+
Kxh4 41. Rb7 Kg5 42. Rb8 Kf5 43. Rb7 Ke5 44. Kg3 Kf5 45. Rb8 Rb3+ 46. f3 Rb4 47.
Rb7 Ke5 48. Rb8 Kd5 49. Rb7 Kc5 50. Rf7 Rxa4 51. Rxf6 Ra1 52. Rf8 a4 53. f4 a3
54. Ra8 Kb4 55. f5 Rf1 56. Kg4 b5 57. Kg5 Kb3 58. f6 b4 59. Kg6 Kb2 60. f7 b3
61. Ra6 Rxf7 62. Kxf7 a2 0-1

[Event "PRO League Atlantic 2017"]
[Site "chess.com INT"]
[Date "2017.01.25"]
[Round "3"]
[White "Hambleton, Aman"]
[Black "Perez Ponsa, Federico"]
[Result "0-1"]
[WhiteTitle "IM"]
[BlackTitle "GM"]
[WhiteElo "2441"]
[BlackElo "2583"]
[WhiteTeam "Montreal ChessBrahs"]
[BlackTeam "Buenos Aires Krakens"]
[WhiteFideId "2606577"]
[BlackFideId "117927"]
[EventDate "2017.01.11"]

1. d4 Nf6 2. c4 e6 3. Nc3 Bb4 4. e3 O-O 5. Ne2 c6 6. Nf4 d5 7. Nd3 Bd6 8. c5 Bc7
9. f4 Ne4 10. Nxe4 dxe4 11. Nf2 f5 12. Bc4 Qe7 13. g4 Kh8 14. Bd2 Nd7 15. g5 a5
16. a3 a4 17. b4 b5 18. Be2 e5 19. dxe5 Nxe5 20. fxe5 Bxe5 21. Nh3 f4 22. Nxf4
Qxg5 0-1

[Event "PRO League Atlantic 2017"]
[Site "chess.com INT"]
[Date "2017.01.25"]
[Round "3"]
[White "Hungaski, Robert Andrew"]
[Black "Kumar, Nikhil"]
[Result "1-0"]
[WhiteTitle "GM"]
[BlackTitle "FM"]
[WhiteElo "2488"]
[BlackElo "2379"]
[WhiteTeam "Patagonia Penguins"]
[BlackTeam "Miami Champions"]
[WhiteFideId "2021030"]
[BlackFideId "30909040"]
[EventDate "2017.01.11"]

1. e4 c6 2. d4 d5 3. exd5 cxd5 4. c4 Nf6 5. Nc3 e6 6. c5 Be7 7. Nf3 Ne4 8. Qc2
f5 9. Bb5+ Bd7 10. Bxd7+ Nxd7 11. O-O O-O 12. b4 Bf6 13. Bb2 g5 14. Ne2 Bg7 15.
Ne1 Rf7 16. f3 Nef6 17. Nd3 Rc8 18. Qa4 a6 19. b5 axb5 20. Qxb5 Nb8 21. Ne5 Rfc7
22. Bc3 Nc6 23. Ba5 Nxa5 24. Qxa5 Nd7 25. f4 Bxe5 26. fxe5 b6 27. cxb6 Rc2 28.
Qb5 Nxb6 29. Ng3 Nc4 30. Qa6 Nb6 31. Rab1 R8c6 32. Rf2 R2c4 33. Nh5 Na4 34. Nf6+
Kg7 35. Qa7+ Rc7 36. Rb7 Rc1+ 37. Rf1 Rc4 38. Rxc7+ Rxc7 39. Qxc7+ Qxc7 40. Ne8+ 1-0

[Event "PRO League Atlantic 2017"]
[Site "chess.com INT"]
[Date "2017.01.25"]
[Round "3"]
[White "Hungaski, Robert Andrew"]
[Black "Quesada Perez, Yuniesky"]
[Result "1/2-1/2"]
[WhiteTitle "GM"]
[BlackTitle "GM"]
[WhiteElo "2488"]
[BlackElo "2630"]
[WhiteTeam "Patagonia Penguins"]
[BlackTeam "Miami Champions"]
[WhiteFideId "2021030"]
[BlackFideId "3504409"]
[EventDate "2017.01.11"]

1. e4 e5 2. Nf3 Nc6 3. Nc3 Nf6 4. d4 exd4 5. Nxd4 Bb4 6. Nxc6 bxc6 7. Bd3 d5 8.
exd5 cxd5 9. O-O O-O 10. h3 h6 11. Qf3 Re8 12. Bf4 c6 13. Rad1 Bd6 14. Ne2 Bxf4
15. Qxf4 c5 16. c4 Bb7 17. Ng3 Qb8 18. Qxb8 Raxb8 19. cxd5 Nxd5 20. Bc4 Nb6 21.
Bb5 Re5 22. Rfe1 Rxe1+ 23. Rxe1 Bd5 24. Rc1 Bxa2 25. Rxc5 Be6 26. f4 Nd7 27.
Bxd7 Bxd7 28. Rc7 Be6 29. Rxa7 Rxb2 30. Ra5 Bc8 31. Re5 Bb7 32. Re2 Rb4 33. Re8+
Kh7 34. f5 Rb2 35. Re2 Rxe2 36. Nxe2 g6 37. fxg6+ fxg6 38. h4 Kg7 39. Kf2 Bc6
40. Nd4 Bd5 1/2-1/2

[Event "PRO League Atlantic 2017"]
[Site "chess.com INT"]
[Date "2017.01.25"]
[Round "3"]
[White "Sambuev, Bator"]
[Black "Feng, Maggie"]
[Result "1-0"]
[WhiteTitle "GM"]
[BlackTitle "WCM"]
[WhiteElo "2539"]
[BlackElo "2164"]
[WhiteTeam "Toronto Dragons"]
[BlackTeam "Columbus Cardinals"]
[WhiteFideId "4128290"]
[BlackFideId "2078090"]
[EventDate "2017.01.11"]

1. d4 d5 2. Nf3 c5 3. c4 dxc4 4. d5 e6 5. e4 exd5 6. exd5 Bd6 7. Bxc4 Nf6 8. O-O
O-O 9. Bg5 h6 10. Bh4 a6 11. a4 Bf5 12. Nc3 Nbd7 13. Re1 Qc7 14. Bg3 Rfe8 15.
Qb3 Bxg3 16. hxg3 Nb6 17. d6 Rxe1+ 18. Rxe1 Qxd6 19. Bxf7+ Kh8 20. Ne5 Qc7 21.
Bg6 Bxg6 22. Nxg6+ Kh7 23. Qc2 Kg8 24. Re7 Qc6 25. Ne5 Qd6 26. Rxg7+ Kxg7 27.
Qg6+ Kf8 28. Qf7# 1-0

[Event "PRO League Atlantic 2017"]
[Site "chess.com INT"]
[Date "2017.01.25"]
[Round "3"]
[White "Sambuev, Bator"]
[Black "Wang, Jason"]
[Result "1-0"]
[WhiteTitle "GM"]
[WhiteElo "2539"]
[BlackElo "2006"]
[WhiteTeam "Toronto Dragons"]
[BlackTeam "Columbus Cardinals"]
[WhiteFideId "4128290"]
[BlackFideId "30908124"]
[EventDate "2017.01.11"]

1. Nf3 d5 2. c4 dxc4 3. e3 c5 4. Bxc4 Nf6 5. O-O e6 6. b3 Nc6 7. Bb2 Be7 8. Nc3
O-O 9. Rc1 a6 10. Qc2 b5 11. Be2 Bb7 12. Rfd1 Qb6 13. Qb1 Rfd8 14. Ng5 h6 15.
Nge4 Rac8 16. f4 Nd5 17. Bf3 Ndb4 18. Nf2 Rc7 19. f5 Ne5 20. Bxb7 Qxb7 21. fxe6
Nbd3 22. exf7+ Kf8 23. Nce4 Nxc1 24. Bxe5 Ne2+ 25. Kf1 Rcd7 26. Kxe2 Qd5 27. d4
c4 28. bxc4 Qxc4+ 29. Nd3 Qd5 30. Nf4 Qc4+ 31. Kf2 Qxf7 32. Kg1 Kg8 33. Rf1 Qc4
34. Nh5 Rf8 35. Rxf8+ Bxf8 36. Nhf6+ gxf6 37. Nxf6+ Kf7 38. Qh7+ Bg7 39. Qg8+
Kg6 40. Qxc4 bxc4 41. Nxd7 c3 42. Bxg7 c2 43. Ne5+ Kf5 44. Nd3 Ke4 45. Nc1 Kxe3
46. d5 Kd2 47. Bxh6+ 1-0

[Event "PRO League Atlantic 2017"]
[Site "chess.com INT"]
[Date "2017.01.25"]
[Round "3"]
[White "Leskovar, Matias"]
[Black "Kumar, Nikhil"]
[Result "1-0"]
[WhiteTitle "FM"]
[BlackTitle "FM"]
[WhiteElo "2306"]
[BlackElo "2379"]
[WhiteTeam "Patagonia Penguins"]
[BlackTeam "Miami Champions"]
[WhiteFideId "106844"]
[BlackFideId "30909040"]
[EventDate "2017.01.11"]

1. d4 d5 2. Nf3 Nf6 3. Bg5 e6 4. Nbd2 Be7 5. e3 O-O 6. Bd3 h6 7. Bf4 c5 8. c3
Nc6 9. Ne5 Bd7 10. h4 Be8 11. g4 Nd7 12. g5 Ndxe5 13. dxe5 hxg5 14. Bh7+ Kxh7
15. hxg5+ Kg8 16. Qh5 f5 17. Qh7+ 1-0

[Event "PRO League Atlantic 2017"]
[Site "chess.com INT"]
[Date "2017.01.25"]
[Round "3"]
[White "Leskovar, Matias"]
[Black "Quesada Perez, Yuniesky"]
[Result "0-1"]
[WhiteTitle "FM"]
[BlackTitle "GM"]
[WhiteElo "2306"]
[BlackElo "2630"]
[WhiteTeam "Patagonia Penguins"]
[BlackTeam "Miami Champions"]
[WhiteFideId "106844"]
[BlackFideId "3504409"]
[EventDate "2017.01.11"]

1. d4 Nf6 2. Bg5 e6 3. e4 h6 4. Bxf6 Qxf6 5. Nc3 Bb4 6. Qd3 O-O 7. Ne2 d6 8. a3
Ba5 9. f4 e5 10. b4 Bb6 11. Nd5 Qd8 12. dxe5 dxe5 13. f5 Nd7 14. Ng3 Nf6 15.
Nxb6 axb6 16. Qxd8 Rxd8 17. Bd3 Bd7 18. Ke2 c5 19. bxc5 bxc5 20. Rhb1 Bc6 21. h3
Ra4 22. c4 Rd4 23. Ke3 h5 24. Ne2 Rxd3+ 25. Kxd3 Bxe4+ 26. Kd2 Bxb1 27. Rxb1
Rxa3 28. Rxb7 Ne4+ 29. Kc2 Re3 30. Nc1 Rc3+ 31. Kb2 Rxc4 32. Nd3 f6 33. g4 hxg4
34. hxg4 Rd4 35. Kc2 c4 36. Ne1 Rd2+ 37. Kc1 c3 38. Rc7 Re2 39. Nf3 Kh7 40. g5
fxg5 41. Nxe5 Nf2 42. Nf3 g4 43. Ng5+ Kh6 44. Nf7+ Kh5 45. Rxc3 Ne4 46. Rc8 g3
47. Rh8+ Kg4 48. Rh7 g2 49. Rxg7+ Kh3 50. Rh7+ Kg3 51. Rg7+ Kf2 0-1

[Event "PRO League Atlantic 2017"]
[Site "chess.com INT"]
[Date "2017.01.25"]
[Round "3"]
[White "Molner, Mackenzie"]
[Black "Francisco, Richard"]
[Result "1/2-1/2"]
[WhiteTitle "GM"]
[WhiteElo "2450"]
[BlackElo "2273"]
[WhiteTeam "Montclair Sopranos"]
[BlackTeam "Atlanta Kings"]
[WhiteFideId "2021722"]
[BlackFideId "2021188"]
[EventDate "2017.01.11"]

1. e4 e5 2. Nf3 Nc6 3. Bb5 a6 4. Ba4 Nf6 5. O-O Be7 6. Re1 b5 7. Bb3 d6 8. c3
O-O 9. h3 Nb8 10. d4 Nbd7 11. Nbd2 Bb7 12. Bc2 Re8 13. a4 Bf8 14. Bd3 d5 15.
exd5 exd4 16. Nxd4 Bxd5 17. axb5 axb5 18. Rxa8 Rxe1+ 19. Qxe1 Qxa8 20. Bf1 c6
21. c4 bxc4 22. Nxc4 c5 23. Nb5 Qa1 24. Nc3 Bc6 25. Qd2 g6 26. b3 Bg7 27. Bb2
Qa8 28. Nd6 Qb8 29. Bb5 Qa8 30. Bxc6 Qxc6 31. Nc4 Qe6 32. Qe3 Qxe3 33. Nxe3 Ne4
34. Nxe4 Bxb2 35. Kf1 f5 36. Nd6 Kf8 37. Nd5 Ne5 38. Ke2 Bd4 39. Nc4 Nc6 40. f3
Kf7 41. Kd3 Ke6 42. Nc7+ Kd7 43. Nd5 Ke6 44. Nc7+ Kd7 45. Nd5 Ke6 1/2-1/2

[Event "PRO League Atlantic 2017"]
[Site "chess.com INT"]
[Date "2017.01.25"]
[Round "3"]
[White "Molner, Mackenzie"]
[Black "Gurevich, Daniel"]
[Result "1-0"]
[WhiteTitle "GM"]
[BlackTitle "IM"]
[WhiteElo "2450"]
[BlackElo "2455"]
[WhiteTeam "Montclair Sopranos"]
[BlackTeam "Atlanta Kings"]
[WhiteFideId "2021722"]
[BlackFideId "2044676"]
[EventDate "2017.01.11"]

1. e4 c6 2. d4 d5 3. e5 Bf5 4. Nf3 e6 5. Be2 Nd7 6. O-O Ne7 7. Nbd2 h6 8. Nb3 g5
9. Bd2 a5 10. a4 Bg7 11. Ne1 c5 12. Nxc5 Nxc5 13. dxc5 Bxe5 14. Bb5+ Nc6 15. c3
Qc7 16. Nf3 Bg7 17. Nd4 Bg6 18. f4 gxf4 19. Bxf4 e5 20. Bg3 O-O 21. Bxc6 bxc6
22. Nf5 Rae8 23. Qg4 Re6 24. Rae1 Rfe8 25. h4 h5 26. Qg5 Bf8 27. b4 Kh7 28. Nd4
R6e7 29. Nf5 Re6 30. Nd4 R6e7 31. Nf5 Rd7 32. Nd6 Rxd6 33. cxd6 Bxd6 34. Kh2 e4
35. Rf6 Bxg3+ 36. Qxg3 axb4 37. Qxc7 bxc3 38. Rxf7+ 1-0

[Event "PRO League Atlantic 2017"]
[Site "chess.com INT"]
[Date "2017.01.25"]
[Round "3"]
[White "Pichot, Alan"]
[Black "Hua, Lefong"]
[Result "1-0"]
[WhiteTitle "GM"]
[BlackTitle "FM"]
[WhiteElo "2548"]
[BlackElo "2333"]
[WhiteTeam "Buenos Aires Krakens"]
[BlackTeam "Montreal ChessBrahs"]
[WhiteFideId "110973"]
[BlackFideId "2602253"]
[EventDate "2017.01.11"]

1. e4 c5 2. Nf3 d6 3. Bb5+ Bd7 4. Bxd7+ Qxd7 5. c4 Nf6 6. Nc3 Nc6 7. d4 cxd4 8.
Nxd4 g6 9. f3 Bg7 10. Be3 O-O 11. O-O e6 12. Qd2 Rfd8 13. Rfd1 d5 14. cxd5 exd5
15. Nxc6 bxc6 16. e5 Ne8 17. f4 f6 18. exf6 Nxf6 19. Rac1 Rab8 20. b3 Qf7 21.
Na4 d4 22. Bf2 Ne4 23. Qe2 Qxf4 24. Nc5 Qxf2+ 25. Qxf2 Nxf2 26. Kxf2 Bh6 27. Rc2
Rf8+ 28. Ke2 Rbe8+ 29. Kd3 Bg7 30. Ne4 Re6 31. Rc4 Rfe8 32. Re1 h6 33. Ra4 R8e7
34. Ra6 Kh7 35. b4 g5 36. b5 Kg6 37. Rxc6 Rxc6 38. bxc6 Rc7 39. Rc1 Be5 40. Rc5
Bxh2 41. g3 a6 42. Rc2 Bg1 43. Nd6 h5 44. a4 Be3 45. Nb5 Rc8 46. c7 axb5 47.
axb5 h4 48. b6 hxg3 49. b7 Rxc7 50. Rxc7 g2 51. b8=Q g1=Q 52. Qe8+ Kf5 53. Qe4+
Kf6 54. Rc6+ Kf7 55. Qe6+ Kg7 56. Rc7+ Kh8 57. Qe8# 1-0

[Event "PRO League Atlantic 2017"]
[Site "chess.com INT"]
[Date "2017.01.25"]
[Round "3"]
[White "Balakrishnan, Praveen"]
[Black "Carter, Emmanuel"]
[Result "0-1"]
[WhiteTitle "FM"]
[WhiteElo "2465"]
[BlackElo "2052"]
[WhiteTeam "New Jersey Knockouts"]
[BlackTeam "Carolina Cobras"]
[WhiteFideId "2064871"]
[BlackFideId "30908167"]
[EventDate "2017.01.11"]

1. e4 e6 2. d4 d5 3. Nc3 Nf6 4. e5 Nfd7 5. f4 c5 6. Nf3 Nc6 7. Be3 cxd4 8. Nxd4
Bc5 9. Qd2 O-O 10. O-O-O Nxd4 11. Bxd4 a6 12. Kb1 b5 13. Ne2 Bb7 14. Ng3 Rc8 15.
Nh5 Bxd4 16. Qxd4 f6 17. exf6 g6 18. Ng3 Qxf6 19. Ne2 Qxd4 20. Rxd4 e5 21. fxe5
Nxe5 22. g3 Rf2 23. Rf4 Rf8 24. Rxf8+ Kxf8 25. Nd4 Ke7 26. Bh3 Kd6 27. b3 Rd2
28. Ne6 d4 29. Rf1 Rxh2 30. Ng5 h6 31. Rf6+ Kc5 32. Ne6+ Kb4 33. Kb2 Nd3+ 34.
Kb1 Ne1 35. Bf1 Nxc2 36. Nf4 Na3+ 37. Ka1 Rd2 38. Nd3+ Kc3 39. Nc1 Rd1 40. Rf3+
Bxf3 0-1